Normal view
MARC view
Entry Término temático
001 - NÚMERO DE CONTROL
- campo de control: 44404
003 - IDENTIFICADOR DEL NÚMERO DE CONTROL
- campo de control: OSt
005 - FECHA Y HORA DE LA ÚLTIMA TRANSACCIÓN
- campo de control: 20200221075000.0
008 - DATOS DE LONGITUD FIJA
- campo de control de longitud fija: 200221|| aca||aabn | a|a d
040 ## - FUENTE DE LA CATALOGACIÓN
- Centro catalogador/agencia de origen: OSt
- Centro/agencia transcriptor: OSt
150 ## - ENCABEZAMIENTO--TÉRMINO DE MATERIA
- Término de materia o nombre geográfico como elemento de entrada: Matemática Inka
670 ## - FUENTE DE DATOS ENCONTRADOS
- Cita de la fuente: Work cat.: (OSt): Almanza Chuchullo, Fortunata Albina 44403, La Yupana Inka en la construcción del pensamiento numérico /, 2016.